Sports Quiz

Random Sports or Basketball Quiz

Kentucky basketball 2012 starters Quiz Stats

 Plays Quiz not verified by Sporcle

Also try: Find the NBA Teams
Challenge
Share
Tweet
Embed
Score 0/5 Timer 10:00
0 Plays Today
Number Name % Correct
23Anthony Davis
100%
20Doron Lamb
96%
3Terrence Jones
92%
14Michael Kidd-Gilchrist
92%
25Marquis Teague
90%

You're not logged in!

Compare scores with friends on all Sporcle quizzes.
OR
Log In

You Might Also Like...

Show Comments

Extras

Top Quizzes Today


Score Distribution

Your Account Isn't Verified!

In order to create a playlist on Sporcle, you need to verify the email address you used during registration. Go to your Sporcle Settings to finish the process.

Report this User

Report this user for behavior that violates our Community Guidelines.

Details: